ARRUPE JESUIT UNIVERSITY

CORONAVIRUS -STOP THE SPREAD - CLEAN,DISINFECT,COVER

An introduction to the Heidelberg Catechism : (Record no. 118386)

MARC details
000 -LEADER
fixed length control field 01520cam a22003614a 4500
001 - CONTROL NUMBER
control field 13928327
003 - CONTROL NUMBER IDENTIFIER
control field ARRUPE
005 - DATE AND TIME OF LATEST TRANSACTION
control field 20131022173055.0
008 - FIXED-LENGTH DATA ELEMENTS--GENERAL INFORMATION
fixed length control field 050413s2005 miu b 001 0 eng
010 ## - LIBRARY OF CONGRESS CONTROL NUMBER
LC control number 2005045345
020 ## - INTERNATIONAL STANDARD BOOK NUMBER
International Standard Book Number 0801031176 (pbk.)
040 ## - CATALOGING SOURCE
Original cataloging agency DLC
Transcribing agency DLC
041 1# - LANGUAGE CODE
Language code of text/sound track or separate title eng
Language code of original and/or intermediate translations of text lat
042 ## - AUTHENTICATION CODE
Authentication code pcc
050 00 - LIBRARY OF CONGRESS CALL NUMBER
Classification number BX9428
Item number .B54 2005
082 00 - DEWEY DECIMAL CLASSIFICATION NUMBER
Classification number 238/.42
Edition number 22
300 ## - PHYSICAL DESCRIPTION
Dimensions 23 cm.
100 1# - MAIN ENTRY--PERSONAL NAME
Personal name Bierma, Lyle D.
9 (RLIN) 2677
245 13 - TITLE STATEMENT
Title An introduction to the Heidelberg Catechism :
Remainder of title sources, history, and theology : with a translation of the smaller and larger catechisms of Zacharias Ursinus /
Statement of responsibility, etc Lyle D. Bierma ; with Charles D. Gunnoe, Karin Maag, Paul W. Fields.
260 ## - PUBLICATION, DISTRIBUTION, ETC. (IMPRINT)
Place of publication, distribution, etc Grand Rapids, MI :
Name of publisher, distributor, etc Baker Academic,
Date of publication, distribution, etc 2005.
300 ## - PHYSICAL DESCRIPTION
Extent 223 p. ;
440 #0 - SERIES STATEMENT/ADDED ENTRY--TITLE
Title Texts and studies in Reformation and post-Reformation thought
9 (RLIN) 2678
504 ## - BIBLIOGRAPHY, ETC. NOTE
Bibliography, etc Includes bibliographical references and index.
630 00 - SUBJECT ADDED ENTRY--UNIFORM TITLE
Uniform title Heidelberger Katechismus.
9 (RLIN) 2679
650 #0 - SUBJECT ADDED ENTRY--TOPICAL TERM
Topical term or geographic name as entry element Reformed Church
General subdivision Catechisms
-- History and criticism.
9 (RLIN) 2680
700 1# - ADDED ENTRY--PERSONAL NAME
Personal name Gunnoe, Charles D.,
Dates associated with a name 1963-
9 (RLIN) 2681
700 1# - ADDED ENTRY--PERSONAL NAME
Personal name Maag, Karin.
9 (RLIN) 2682
700 1# - ADDED ENTRY--PERSONAL NAME
Personal name Fields, Paul W.,
Dates associated with a name 1953-
9 (RLIN) 2683
700 12 - ADDED ENTRY--PERSONAL NAME
Personal name Ursinus, Zacharias,
Dates associated with a name 1534-1583.
Title of a work Catechesis minor.
Language of a work English.
9 (RLIN) 2684
700 12 - ADDED ENTRY--PERSONAL NAME
Personal name Ursinus, Zacharias,
Dates associated with a name 1534-1583.
Title of a work Catechesis maior.
Language of a work English.
9 (RLIN) 2685
906 ## - LOCAL DATA ELEMENT F, LDF (RLIN)
a 7
b cbc
c orignew
d 1
e ocip
f 20
g y-gencatlg
942 ## - ADDED ENTRY ELEMENTS (KOHA)
Source of classification or shelving scheme Library of Congress Classification
Koha item type Monograph ( Printed materials)
Holdings
Withdrawn status Lost status Source of classification or shelving scheme Damaged status Not for loan Home library Current library Date acquired Total Checkouts Full call number Barcode Date last seen Price effective from Koha item type
    Library of Congress Classification     ARRUPE LIBRARY ARRUPE LIBRARY 22/10/2013   BX9428 .B54 2005 46411450 22/11/2017 22/10/2013 Monograph ( Printed materials)

 

Arrupe Library. PO Box MP320 Mt Pleasant, Harare, Zimbabwe
263 242 745411|librarian@aju.ac.zw